Hodnotenie úrovne personálnej práce vo vybranom podniku bakalárska práca

Salvato in:
Dettagli Bibliografici
Autore principale: Burik, Lukáš
Ente Autore: Podnikovohospodárska fakulta EU so sídlom v Košiciach. Katedra manažmentu
Altri autori: Olexová, Cecília, 1976-
Natura: Libro
Lingua:slovacco
Pubblicazione: Košice 2018
Tags: Aggiungi Tag
Nessun Tag, puoi essere il primo ad aggiungerne!!

MARC

LEADER 00000nbm a2200000 4500
001 0245715
005 20181024122949.6
041 0 |a slo 
044 |a SK 
245 1 0 |a Hodnotenie úrovne personálnej práce vo vybranom podniku  |b bakalárska práca  |c Lukáš Burik ; školiteľ: Cecília Olexová 
264 1 |a Košice  |c 2018 
300 |a 58 s. 
100 1 |a Burik, Lukáš 
700 1 |a Olexová, Cecília, 1976- 
710 2 |a Podnikovohospodárska fakulta EU so sídlom v Košiciach. Katedra manažmentu